[Event "Agneaux St Lo op 02nd"]
[Site "Agneaux"]
[Date "1998.??.??"]
[Round "?"]
[White "Guillotin, Cyril"]
[Black "Dumitrache, Dragos Nicolae"]
[Result "0-1"]
[WhiteElo "2110"]
[BlackElo "2385"]
[PlyCount "88"]
[EventDate "1998.02.??"]
[EventType "swiss"]
[EventRounds "7"]
[EventCountry "FRA"]
[SourceTitle "EXT 2003"]
[Source "ChessBase"]
[SourceDate "2002.11.25"]
[SourceVersion "1"]
[SourceVersionDate "2002.11.25"]
[SourceQuality "1"]

1. Nf3 Nf6 2. d4 d5 3. c4 e6 4. Bg5 h6 5. Bxf6 Qxf6 6. Nc3 c6 7. e3 Nd7 8. cxd5 exd5 9. Bd3 Bd6 10. Qc2 0-0 11. 0-0 Nb6 12. Rae1 Bg4 13. Nd2 Rad8 14. Ne2 Rfe8 15. Ng3 Bc8 16. f4 Bb4 17. Rf2 Bd7 18. Ngf1 Nc8 19. a3 Bxd2 20. Nxd2 Nd6 21. Nf3 Bf5 22. Ne5 h5 23. Qe2 Bxd3 24. Qxd3 Qf5 25. Qxf5 Nxf5 26. Rfe2 a5 27. Kf2 f6 28. Nd3 Nd6 29. b3 Ra8 30. Nc5 Re7 31. e4 b6 32. exd5 Rxe2+ 33. Rxe2 bxc5 34. dxc5 Nb5 35. d6 Kf8 36. Re7 Ra7 37. Re4 Nxa3 38. Ra4 Nc2 39. Ke2 Nb4 40. f5 Ke8 41. Kd2 Kd7 42. Ra1 Ra8 43. Re1 Nd5 44. Re4 Rb8 0-1